Statistiche per Riconosci il Calciatore - Quiz n°16

Clicka qui per fare il quiz!

Statistiche generali

  • Questo quiz è stato fatto 16 volte
  • Il punteggio medio è 11 su 15

Statistiche sulle risposte

IndizioRisposta% Corretto
NazionalitàOtalia
100%
RuoloAttaccante
93%
Data di nascita05/11/2003
80%
Trofei per clubCampionato Nazionale Under-17: 1
Inter: 2016-2017
Campionato svizzero: 1
Zurigo: 2021-2022
80%
Squadra di club 2Leeds Utd 2022-
80%
Trofei per nazionali0
73%
Presenze in nazionale13
73%
Gol nei club17
73%
Squadra di club 1Zurigo 2020-2022
73%
Trofei individuali0
67%
Gol in nazionale1
67%
Presenze nei club123
67%
Altezza165 cm
67%
Peso65 kg
67%
CalciatoreWilfried Gnonto
67%

Distribuzione punteggi

Percentile per numero di risposta

Percentuale di utenti per punteggio

I tuoi punteggi nel tempo

Non hai fatto questo quiz